00235 2200109 4500245003000000250001100030100002100041650001600062005001900078041001400097084001400111 aKULINER KHAS BETAWIhText aCet. 1 aArtika Salsabila aKarya Siswa a20250424094429 aIndonesia a081 ART k